HUMAN PHYSIOLOGY SYSTEMIC AND APPLIED (Record no. 2463)

MARC details
000 -LEADER
fixed length control field 00399nam a2200145Ia 4500
008 - FIXED-LENGTH DATA ELEMENTS--GENERAL INFORMATION
fixed length control field 150201s1994 xx 000 0 und d
082 ## - DEWEY DECIMAL CLASSIFICATION NUMBER
Classification number 612
Item number H94S
100 ## - MAIN ENTRY--PERSONAL NAME
Personal name SUBHASH SHALYA
245 ## - TITLE STATEMENT
Title HUMAN PHYSIOLOGY SYSTEMIC AND APPLIED
250 ## - EDITION STATEMENT
Edition statement 1ST
260 ## - PUBLICATION, DISTRIBUTION, ETC. (IMPRINT)
Name of publisher, distributor, etc. C.B.S PUBLISHERS & DISTRIBUTERS
Place of publication, distribution, etc. BHOLA NATH NAGAR SHADHRA ( DELHI)
Date of publication, distribution, etc. 1994
300 ## - PHYSICAL DESCRIPTION
Extent 1-754
650 ## - SUBJECT ADDED ENTRY--TOPICAL TERM
Topical term or geographic name as entry element PHYSIOLOGY
942 ## - ADDED ENTRY ELEMENTS (KOHA)
Source of classification or shelving scheme Dewey Decimal Classification
Koha item type Books
Holdings
Withdrawn status Lost status Source of classification or shelving scheme Damaged status Not for loan Home library Current library Date acquired Source of acquisition Cost, normal purchase price Serial Enumeration / chronology SGTU Bill Number Total Checkouts Full call number Barcode Date last seen Date last checked out Bill Date Koha item type
    Dewey Decimal Classification     SGT Dental Library SGT Dental Library 10/04/2002 U.B.S.DELHI 195.00 1 SGTU 45 1 612 H94S FD16 03/08/2016 03/08/2016 19/01/2012 Books